[Event "OLNW 2324 SK Kirchweyhe II - SK Rickling"]
[Site "?"]
[Date "2024.03.17"]
[Round "7.8"]
[White "Vernacki, Srdjan"]
[Black "Ploog, Martin"]
[Result "1-0"]
[WhiteElo "2261"]
[BlackElo "2007"]
[PlyCount "67"]
[EventDate "2024.??.??"]

1. Nf3 Nf6 2. c4 c5 3. b3 g6 4. Bb2 Bg7 5. e3 O-O 6. Be2 d5 7. cxd5 Qxd5 8. d3 Nc6 9. a3 b6 10. Qc2 Bb7 11. O-O Rac8 12. Nbd2 e5 13. Rac1 Nh5 14. Qb1 h6 15. Bc3 Kh8 16. b4 cxb4 17. axb4 Rfe8 18. Rfe1 f5 19. Nh4 Qf7 20. Qb2 Qf6 21. Bxh5 gxh5 22. Ndf3 Kh7 23. b5 Nd8 24. e4 fxe4 25. dxe4 Nf7 26. Qa1 Nd6 27. Qxa7 Rxc3 28. Rxc3 Bxe4 29. Rce3 Nxb5 30. Qd7 Bc6 31. Qf5+ Qxf5 32. Nxf5 Bf6 33. Nxe5 Bb7 34. Nd7 1-0

[Event "OLNW 2324 Delmenhorster SK - Braunschwei"]
[Site "?"]
[Date "2024.03.17"]
[Round "7.1"]
[White "Riemay, David"]
[Black "Pahl, Theis"]
[Result "0-1"]
[WhiteElo "2211"]
[BlackElo "2078"]
[PlyCount "62"]
[EventDate "2024.??.??"]

1. e4 c5 2. d4 cxd4 3. c3 Nf6 4. e5 Nd5 5. Qxd4 e6 6. Bd3 d6 7. exd6 Nc6 8. Qe4 Bxd6 9. Nf3 Qc7 10. O-O Bd7 11. a3 Nf6 12. Qe2 O-O 13. Nbd2 Ng4 14. h3 Nge5 15. Bc2 f5 16. Bb3 Rae8 17. Rd1 Kh8 18. Nc4 Nxf3+ 19. Qxf3 Ne5 20. Qe2 Nxc4 21. Qxc4 Bc6 22. Be3 Rf6 23. f4 e5 24. Ba4 exf4 25. Bd4 f3 26. Bxc6 Bh2+ 27. Kh1 fxg2+ 28. Kxg2 Rxc6 29. Qd3 Rg6+ 30. Kf1 Qf4+ 31. Bf2 Rg1# 0-1

[Event "OLNW 2324 Delmenhorster SK - Braunschwei"]
[Site "?"]
[Date "2024.03.17"]
[Round "7.2"]
[White "Pahl, Erik"]
[Black "Reller, Ole"]
[Result "1-0"]
[WhiteElo "2163"]
[BlackElo "2077"]
[PlyCount "61"]
[EventDate "2024.??.??"]

1. e4 c5 2. Nf3 d6 3. d4 cxd4 4. Nxd4 Nf6 5. Nc3 Nc6 6. Bc4 Qb6 7. Nb3 e6 8. O-O Be7 9. a4 O-O 10. a5 Qc7 11. f4 Bd7 12. Bd3 Rfd8 13. g4 Nb4 14. g5 Ne8 15. f5 Bf8 16. g6 hxg6 17. fxg6 fxg6 18. Bg5 Nf6 19. Bxf6 gxf6 20. Rxf6 Be8 21. Qg4 Bg7 22. Rf3 Nxd3 23. cxd3 Rac8 24. Raf1 Qe7 25. d4 Rc4 26. d5 Bxc3 27. bxc3 exd5 28. Nd4 dxe4 29. Rf8+ Kh7 30. Qh3+ Kg7 31. Qh8# 1-0

[Event "OLNW 2324 Delmenhorster SK - Braunschwei"]
[Site "?"]
[Date "2024.03.17"]
[Round "7.3"]
[White "Cebulla, Konstantin"]
[Black "Hedke, Fred"]
[Result "0-1"]
[WhiteElo "2092"]
[BlackElo "2187"]
[PlyCount "68"]
[EventDate "2024.??.??"]

1. d4 Nf6 2. c4 e6 3. g3 d5 4. Nf3 Be7 5. Bg2 O-O 6. O-O Nbd7 7. Qc2 c6 8. Nbd2 Re8 9. Rd1 a5 10. e4 dxe4 11. Nxe4 Nxe4 12. Qxe4 Bf6 13. Bf4 Qb6 14. Qe2 c5 15. dxc5 Qxb2 16. Qxb2 Bxb2 17. Rab1 Ba3 18. Rxd7 Bxd7 19. Ne5 Ba4 20. Bxb7 f6 21. c6 Rac8 22. Rb5 Bxb5 23. cxb5 fxe5 24. Bxe5 Bc5 25. Bxc8 Rxc8 26. Kf1 Kf7 27. Ke2 Ke7 28. Kd3 Bxf2 29. Kc4 g6 30. a4 Bb6 31. h4 Rd8 32. Kc3 Rd5 33. Bf4 e5 34. Bg5+ Kd6 0-1

[Event "OLNW 2324 Delmenhorster SK - Braunschwei"]
[Site "?"]
[Date "2024.03.17"]
[Round "7.4"]
[White "Chokhonelidze, Giorgi"]
[Black "Dahmen, Christoph"]
[Result "0-1"]
[WhiteElo "2279"]
[BlackElo "2099"]
[PlyCount "116"]
[EventDate "2024.??.??"]

1. Nf3 Nf6 2. c4 c5 3. b3 g6 4. Bb2 Bg7 5. g3 Nc6 6. Bg2 O-O 7. O-O d6 8. d4 cxd4 9. Nxd4 Bd7 10. Nc3 Qa5 11. Nd5 Nxd5 12. Nxc6 bxc6 13. Bxg7 Kxg7 14. cxd5 c5 15. e4 Qb6 16. Qd2 a5 17. Qc3+ f6 18. Rfb1 Rfb8 19. Bf1 Qb4 20. Qe3 a4 21. a3 Qa5 22. bxa4 Qxa4 23. Qd3 Kf7 24. h3 Rxb1 25. Qxb1 c4 26. Qc1 Rc8 27. Qc3 Qb3 28. Rc1 Qxc3 29. Rxc3 Bb5 30. f4 Rc5 31. Kf2 f5 32. Ke3 Kf6 33. Kd4 fxe4 34. Kxe4 e6 35. dxe6 Kxe6 36. Be2 d5+ 37. Kd4 Kd6 38. Bf3 Bd7 39. g4 Rb5 40. Re3 Be6 41. h4 Rb2 42. Rxe6+ Kxe6 43. Bxd5+ Kd6 44. Bxc4 Rh2 45. h5 gxh5 46. gxh5 Rxh5 47. a4 Rh1 48. Ke4 Ra1 49. Bb5 Ke6 50. Kd4 h5 51. Kc5 h4 52. Kb6 Rb1 53. Kc7 Rc1+ 54. Kd8 Rd1+ 55. Kc7 h3 56. Bc4+ Kf5 57. Bb5 h2 58. Bc6 Rc1 0-1

[Event "OLNW 2324 Delmenhorster SK - Braunschwei"]
[Site "?"]
[Date "2024.03.17"]
[Round "7.5"]
[White "Clemens, Christian"]
[Black "Juhnke, Karl"]
[Result "1/2-1/2"]
[WhiteElo "2161"]
[BlackElo "2119"]
[PlyCount "44"]
[EventDate "2024.??.??"]

1. g3 g6 2. Bg2 Bg7 3. d4 Nf6 4. e4 d6 5. Nc3 O-O 6. Nge2 e5 7. h3 Re8 8. O-O exd4 9. Nxd4 Nc6 10. Be3 Rb8 11. Re1 Nxd4 12. Bxd4 c5 13. Be3 b5 14. Bf4 Rb6 15. Qd2 b4 16. Nd1 Bb7 17. Bg5 h6 18. Bxf6 Bxf6 19. a3 a5 20. axb4 axb4 21. Ra7 Bg7 22. c3 bxc3 {(=)} 1/2-1/2

[Event "OLNW 2324 Delmenhorster SK - Braunschwei"]
[Site "?"]
[Date "2024.03.17"]
[Round "7.6"]
[White "Margraf, Daniel"]
[Black "Cichy, Michael"]
[Result "1-0"]
[WhiteElo "2227"]
[BlackElo "2003"]
[PlyCount "145"]
[EventDate "2024.??.??"]

1. e4 c5 2. Nc3 e6 3. Nf3 a6 4. g3 Nc6 5. Bg2 Nf6 6. O-O Qc7 7. d3 d6 8. a4 Be7 9. Nd2 Rb8 10. f4 O-O 11. g4 b5 12. g5 Nd7 13. Nf3 Re8 14. f5 Nce5 15. Nxe5 dxe5 16. fxe6 fxe6 17. axb5 axb5 18. Qh5 Rf8 19. Be3 b4 20. Na4 Bb7 21. Bh3 Qc6 22. b3 Rxf1+ 23. Rxf1 Rf8 24. Nb2 Ba6 25. Ra1 Rf7 26. Rf1 Rxf1+ 27. Bxf1 Nf8 28. Qg4 Bb5 29. Qg3 Qd6 30. Nd1 Be8 31. Nf2 Bh5 32. Qh4 Be8 33. Qg4 Bf7 34. h4 g6 35. Qf3 Qd8 36. Ng4 Be8 37. Nxe5 Bd6 38. Ng4 Nd7 39. Bh3 Kg7 40. Kg2 Qe7 41. Bf2 Bb8 42. Qe3 Qd6 43. Bg1 Bf7 44. Bh2 e5 45. Qf3 Bc7 46. Ne3 Be6 47. Bxe6 Qxe6 48. Nd5 Bd8 49. Qh3 Qxh3+ 50. Kxh3 Kf7 51. Kg4 Ke6 52. Bg1 Kd6 53. Kf3 Kc6 54. Ke2 Kb5 55. Be3 Kc6 56. Bd2 Kd6 57. c3 bxc3 58. Bxc3 Ke6 59. Kd2 Kd6 60. Kc2 Kc6 61. Kb2 Kb5 62. Ne3 Kc6 63. Ng4 Kd6 64. Ka3 Ke6 65. Ka4 c4 66. dxc4 Nc5+ 67. Kb5 Nxb3 68. Nxe5 Bc7 69. Nf3 Nc1 70. c5 Nd3 71. Bd4 Kd7 72. Kc4 Nf4 73. Be5 1-0

[Event "OLNW 2324 Delmenhorster SK - Braunschwei"]
[Site "?"]
[Date "2024.03.17"]
[Round "7.7"]
[White "Hagemann, Sven"]
[Black "Thimm, Torsten"]
[Result "1-0"]
[WhiteElo "1974"]
[BlackElo "2017"]
[PlyCount "73"]
[EventDate "2024.??.??"]

1. e4 c5 2. Nc3 Nc6 3. f4 d6 4. Bb5 Bd7 5. Nf3 a6 6. Bxc6 Bxc6 7. d3 e6 8. O-O Ne7 9. f5 e5 10. Ng5 Qd7 11. f6 gxf6 12. Rxf6 Rg8 13. Nxf7 Ng6 14. Qh5 Rg7 15. Ng5 O-O-O 16. Ne6 Be7 17. Nxg7 Bxf6 18. Nf5 Rg8 19. Bg5 Qe6 20. Bxf6 Qxf6 21. Qxh7 Re8 22. Rf1 Nf4 23. Qh6 Re6 24. Qxf6 Rxf6 25. g3 Rxf5 26. gxf4 Rxf4 27. Rxf4 exf4 28. Kf2 b5 29. Kf3 b4 30. Nd5 Kd8 31. Kxf4 a5 32. Kf5 a4 33. a3 Kc8 34. Ne7+ Kb7 35. Nxc6 Kxc6 36. c4 bxc3 37. bxc3 1-0

[Event "OLNW 2324 Delmenhorster SK - Braunschwei"]
[Site "?"]
[Date "2024.03.17"]
[Round "7.8"]
[White "Grebener, Soeren"]
[Black "Langer, Michael S"]
[Result "0-1"]
[WhiteElo "1984"]
[BlackElo "1911"]
[PlyCount "64"]
[EventDate "2024.??.??"]

1. e4 c6 2. Nf3 d5 3. exd5 cxd5 4. Ne5 Nf6 5. d4 g6 6. Nd2 Bg7 7. Ndf3 Ne4 8. c3 O-O 9. Qb3 f6 10. Nd3 Nc6 11. Nf4 e6 12. Bd3 Na5 13. Qc2 Ng5 14. Nxg5 fxg5 15. Ne2 e5 16. dxe5 Bxe5 17. O-O Qd6 18. Bxg5 Bxh2+ 19. Kh1 Be5 20. Rad1 Qb6 21. b4 Nc4 22. Bxc4 dxc4 23. Qe4 Bg7 24. Nd4 Bxd4 25. Rxd4 Bf5 26. Qh4 Bd3 27. Re1 Rae8 28. Rxe8 Rxe8 29. Rd7 h5 30. Qf4 Qe6 31. Rxb7 Be4 32. Rxa7 Qh3+ 0-1

[Event "OLNW 2324 SK Ricklingen - Hamelner SV"]
[Site "?"]
[Date "2024.04.14"]
[Round "8.1"]
[White "Bode, Wilfried"]
[Black "Ackermann, Dennie"]
[Result "1/2-1/2"]
[WhiteElo "2341"]
[BlackElo "2070"]
[PlyCount "49"]
[EventDate "2024.??.??"]

1. Nf3 b6 2. g3 Bb7 3. Bg2 Nf6 4. c4 e6 5. O-O Be7 6. d4 O-O 7. Nc3 d5 8. cxd5 Nxd5 9. Nxd5 Bxd5 10. Qc2 Nd7 11. e4 Bb7 12. Rd1 c5 13. Be3 cxd4 14. Nxd4 Rc8 15. Qe2 Bc5 16. a3 Qe7 17. b4 Bd6 18. f4 Bb8 19. e5 Bxg2 20. Qxg2 Qe8 21. Rac1 Rxc1 22. Rxc1 f6 23. exf6 Nxf6 24. Qc6 e5 25. Qxe8 1/2-1/2

[Event "OLNW 2324 SK Ricklingen - Hamelner SV"]
[Site "?"]
[Date "2024.04.14"]
[Round "8.2"]
[White "Schmidt, Benjamin"]
[Black "Tonndorf, Matthias"]
[Result "0-1"]
[WhiteElo "1943"]
[BlackElo "2166"]
[PlyCount "74"]
[EventDate "2024.??.??"]

1. d4 Nf6 2. c4 e6 3. Nc3 Bb4 4. Qc2 c5 5. dxc5 O-O 6. a3 Bxc5 7. Nf3 b6 8. e4 Ng4 9. Bg5 f6 10. Bh4 Nc6 11. O-O-O a6 12. Kb1 Rf7 13. h3 Nge5 14. Nxe5 Nxe5 15. Bg3 Qc7 16. Bh2 Bf8 17. Na2 Bb7 18. f4 Ng6 19. g3 Rc8 20. Rc1 Qb8 21. Bg2 b5 22. Qe2 bxc4 23. Rxc4 Rxc4 24. Qxc4 Bxa3 25. bxa3 Bxe4+ 26. Ka1 Bxg2 27. Rc1 Qa8 28. h4 Ne7 29. Nb4 a5 30. Na6 Nc6 31. Nc5 Bd5 32. Qc3 Re7 33. g4 d6 34. Na4 Rb7 35. Qe3 Qa6 36. f5 Rb3 37. Rc3 Qf1+ 0-1

[Event "OLNW 2324 SK Ricklingen - Hamelner SV"]
[Site "?"]
[Date "2024.04.14"]
[Round "8.3"]
[White "Helmer, Jan"]
[Black "Spiess, Thomas"]
[Result "1-0"]
[WhiteElo "2214"]
[BlackElo "1992"]
[PlyCount "111"]
[EventDate "2024.??.??"]

1. d4 d5 2. c4 c6 3. Nf3 Nf6 4. e3 e6 5. Nbd2 Nbd7 6. Bd3 Bd6 7. O-O O-O 8. b3 e5 9. cxd5 cxd5 10. dxe5 Nxe5 11. Be2 Re8 12. Bb2 Nc6 13. Nd4 Bd7 14. N2f3 Rc8 15. Rc1 Bb8 16. a3 Qe7 17. Nxc6 Bxc6 18. Qd4 Qd6 19. Bd3 Qf8 20. Bf5 Rcd8 21. Qh4 Qd6 22. Bxf6 Qxf6 23. Bxh7+ Kf8 24. Qxf6 gxf6 25. Nd4 Re5 26. Bf5 Kg7 27. g3 Bc7 28. Bg4 Rh8 29. Rfd1 Rg5 30. Bf3 Bd6 31. Nxc6 bxc6 32. Rxc6 Bxa3 33. Bxd5 Rd8 34. e4 f5 35. f4 Rh5 36. e5 Rdh8 37. h4 Rb8 38. Rc7 Rf8 39. Kg2 a5 40. Bc4 Rh7 41. Rdd7 Kg6 42. e6 Bb4 43. exf7 Rh6 44. Bd3 Kg7 45. Bxf5 Rf6 46. Be4 R8xf7 47. Rxf7+ Rxf7 48. Rxf7+ Kxf7 49. g4 Bd2 50. Kf3 Be1 51. h5 Bd2 52. g5 Kg7 53. h6+ Kg8 54. g6 Bc3 55. g7 Bxg7 56. hxg7 1-0

[Event "OLNW 2324 SK Ricklingen - Hamelner SV"]
[Site "?"]
[Date "2024.04.14"]
[Round "8.4"]
[White "Herrmann, Andreas"]
[Black "Renner, Kai"]
[Result "1/2-1/2"]
[WhiteElo "2004"]
[BlackElo "2079"]
[PlyCount "84"]
[EventDate "2024.??.??"]

1. d4 f5 2. Nf3 Nf6 3. Bg5 e6 4. Nbd2 Be7 5. e3 O-O 6. h3 Ne4 7. Bxe7 Qxe7 8. Bd3 d5 9. O-O c5 10. c3 Nc6 11. Bb5 Bd7 12. a4 Rac8 13. Bxc6 Bxc6 14. Ne5 Rc7 15. f4 Be8 16. Nxe4 fxe4 17. Qd2 b5 18. axb5 Bxb5 19. Rfd1 Rb8 20. Ra5 c4 21. Qf2 Rcb7 22. Rd2 Qd8 23. Ra1 Qd6 24. Kh1 Qf8 25. g4 Qe7 26. h4 Be8 27. Rg1 a5 28. g5 Bh5 29. Nc6 Qd7 30. Nxb8 Rxb8 31. Qe1 e5 32. Rg3 exf4 33. exf4 Qf5 34. Rf2 Bf3+ 35. Rgxf3 exf3 36. Rxf3 Qg4 37. Re3 Rf8 38. Re8 Qf3+ 39. Kg1 Qg4+ 40. Kh1 Qf3+ 41. Kg1 Qg4+ 42. Kh1 Qf3+ 1/2-1/2

[Event "OLNW 2324 SK Ricklingen - Hamelner SV"]
[Site "?"]
[Date "2024.04.14"]
[Round "8.5"]
[White "Poschadel, Andreas Gregor"]
[Black "Arntz, Christoph"]
[Result "1/2-1/2"]
[WhiteElo "2079"]
[BlackElo "1990"]
[PlyCount "59"]
[EventDate "2024.??.??"]

1. e4 c5 2. Nf3 e6 3. b3 Nc6 4. Bb2 d6 5. Be2 Nf6 6. d3 Be7 7. Nbd2 O-O 8. O-O h6 9. Re1 Qc7 10. Bf1 e5 11. c3 Bg4 12. h3 Bh5 13. g4 Bg6 14. d4 exd4 15. cxd4 d5 16. exd5 Nxd5 17. Rc1 Rad8 18. Nc4 Bf6 19. Nce5 Bxe5 20. Nxe5 Nxe5 21. Rxe5 b6 22. dxc5 Ne3 23. Qf3 Nxf1 24. Rxf1 Rd2 25. cxb6 axb6 26. Re2 Rd3 27. Re3 Rd2 28. Re2 Rd3 29. Re3 Rd2 30. Re2 1/2-1/2

[Event "OLNW 2324 SK Ricklingen - Hamelner SV"]
[Site "?"]
[Date "2024.04.14"]
[Round "8.6"]
[White "Witthaus, Joerg"]
[Black "Koch, Yannick"]
[Result "1/2-1/2"]
[WhiteElo "2025"]
[BlackElo "1986"]
[PlyCount "34"]
[EventDate "2024.??.??"]

1. e4 c6 2. Nf3 d5 3. Nc3 dxe4 4. Nxe4 Nf6 5. Qe2 Bf5 6. Nxf6+ gxf6 7. d4 Na6 8. c3 e6 9. Nh4 Qd5 10. Nxf5 Qxf5 11. Qd3 Qg6 12. h4 Nc7 13. Qf3 f5 14. h5 Qg4 15. Be2 Rg8 16. g3 Qxf3 17. Bxf3 O-O-O 1/2-1/2

[Event "OLNW 2324 SK Ricklingen - Hamelner SV"]
[Site "?"]
[Date "2024.04.14"]
[Round "8.7"]
[White "van Son, Lutz"]
[Black "Ploog, Martin"]
[Result "1-0"]
[WhiteElo "2152"]
[BlackElo "2003"]
[PlyCount "135"]
[EventDate "2024.??.??"]

1. e4 e5 2. Nc3 Nf6 3. g3 d5 4. exd5 Nxd5 5. Bg2 Nxc3 6. bxc3 Bd6 7. Ne2 O-O 8. O-O c6 9. d4 Be6 10. f4 exd4 11. cxd4 Bd5 12. Qd3 Nd7 13. c4 Bxg2 14. Kxg2 Nf6 15. Rb1 Qd7 16. Nc3 Rfe8 17. Rd1 Rad8 18. Be3 h5 19. Bf2 g6 20. Qf3 b6 21. d5 c5 22. h3 Re7 23. Re1 Rde8 24. Rxe7 Rxe7 25. Re1 Rxe1 26. Bxe1 Qf5 27. Bd2 Qc2 28. Qe2 Bf8 29. Be1 Qxe2+ 30. Nxe2 Ne4 31. Nc3 Nd6 32. Nb5 Nxc4 33. Kf3 a6 34. Nc7 a5 35. Nb5 Nd6 36. Nxd6 Bxd6 37. a4 f5 38. Bc3 Kf7 39. Be5 Ke7 40. Ke3 Kd7 41. h4 c4 42. Kd4 Bc5+ 43. Kxc4 Bf2 44. Bf6 Bxg3 45. Bg5 Bf2 46. Bf6 Be3 47. Bg5 Bc5 48. Kb5 Kc7 49. Bf6 Bf2 50. Kc4 Kd6 51. Bd8 Kd7 52. Bf6 Bg3 53. Bg5 Kd6 54. Kd4 Bf2+ 55. Kc4 Be3 56. Bh6 Bd2 57. Bg5 Bc1 58. Bh6 Kc7 59. Kb5 Ba3 60. Bg5 Bd6 61. Kc4 Kb7 62. Kb5 Bc7 63. Be7 Bxf4 64. d6 Be5 65. d7 Bc7 66. d8=Q Bxd8 67. Bxd8 f4 68. Bxb6 1-0

[Event "OLNW 2324 SK Ricklingen - Hamelner SV"]
[Site "?"]
[Date "2024.04.14"]
[Round "8.8"]
[White "Dellos, Peter"]
[Black "Reichelt, Ole"]
[Result "0-1"]
[WhiteElo "1883"]
[BlackElo "1960"]
[PlyCount "72"]
[EventDate "2024.??.??"]

1. e4 c5 2. Nf3 Nc6 3. d4 cxd4 4. Nxd4 Nf6 5. Nc3 e5 6. Ndb5 d6 7. Bg5 a6 8. Na3 b5 9. Nd5 Be7 10. Nxe7 Nxe7 11. Bxf6 gxf6 12. Qd3 Be6 13. O-O-O d5 14. exd5 Qxd5 15. Qxd5 Nxd5 16. Kb1 Rd8 17. Be2 Rg8 18. Bf3 Ke7 19. g3 Nb4 20. b3 f5 21. Rxd8 Rxd8 22. Rd1 Rc8 23. Kb2 Nc6 24. Bxc6 Rxc6 25. Nb1 Kf6 26. Nc3 Kg5 27. f3 b4 28. h4+ Kf6 29. Nd5+ Bxd5 30. Rxd5 Ke6 31. Rd3 e4 32. fxe4 fxe4 33. Rd4 Ke5 34. Rxb4 e3 35. Rc4 Rxc4 36. bxc4 e2 0-1

[Event "OLNW 2324 Braunschweig Gliesm. - SV Hell"]
[Site "?"]
[Date "2024.04.14"]
[Round "8.1"]
[White "Gronde, Ingo"]
[Black "Riemay, David"]
[Result "0-1"]
[WhiteElo "2305"]
[BlackElo "2197"]
[PlyCount "114"]
[EventDate "2024.??.??"]

1. e4 c6 2. d4 d5 3. exd5 cxd5 4. Nf3 Nf6 5. Ne5 g6 6. Bb5+ Nc6 7. O-O Bg7 8. Re1 O-O 9. Bd3 Nxe5 10. dxe5 Ng4 11. e6 Bxe6 12. Nc3 Qd6 13. g3 Qb6 14. Rf1 Rfd8 15. a4 Rac8 16. a5 Qc5 17. a6 b6 18. Nb5 d4 19. Nxa7 Ra8 20. Nb5 Qh5 21. h4 Be5 22. f4 g5 23. fxe5 gxh4 24. Qe2 Rac8 25. a7 hxg3 26. Nc7 Rxc7 27. a8=Q Rxa8 28. Rxa8+ Kg7 29. Rd8 Rd7 30. Rxd7 Bxd7 31. Be4 Bb5 32. Qg2 Qh2+ 33. Qxh2 gxh2+ 34. Kg2 Bxf1+ 35. Kxf1 Nxe5 36. Bf4 Ng4 37. Kg2 h1=Q+ 38. Kxh1 Nf2+ 39. Kg2 Nxe4 40. Be5+ Kg6 41. Bxd4 b5 42. b3 Kf5 43. c4 bxc4 44. bxc4 Ke6 45. Be3 Nd6 46. c5 Nf5 47. Bf2 Kd5 48. Kf3 Ng7 49. Kg4 Ne6 50. Kh5 Nxc5 51. Kh6 Nd3 52. Bh4 e5 53. Kxh7 Ke4 54. Kh6 f5 55. Kg5 f4 56. Kg4 Ke3 57. Kf5 Kf3 0-1

[Event "OLNW 2324 Braunschweig Gliesm. - SV Hell"]
[Site "?"]
[Date "2024.04.14"]
[Round "8.2"]
[White "Reller, Ole"]
[Black "Boettcher, Christian"]
[Result "1-0"]
[WhiteElo "2069"]
[BlackElo "2179"]
[PlyCount "61"]
[EventDate "2024.??.??"]

1. d4 f5 2. Nf3 Nf6 3. g3 g6 4. Bg2 Bg7 5. O-O O-O 6. c4 d6 7. Nc3 Qe8 8. Re1 Qf7 9. e4 fxe4 10. Nxe4 Nxe4 11. Rxe4 Nc6 12. Be3 e5 13. dxe5 dxe5 14. Ng5 Qe7 15. Rh4 h6 16. Bd5+ Kh8 17. Nf3 Kh7 18. Bg5 Bf6 19. Bxh6 Bxh4 20. Bxf8 Qxf8 21. Nxh4 Ne7 22. Be4 Kg7 23. Qe1 Qf6 24. Qa5 Bg4 25. Qxc7 Rc8 26. Qxb7 Rxc4 27. Nxg6 Rxe4 28. Nxe7 Qf3 29. Nd5+ Kg6 30. Qa6+ Kg5 31. h4+ 1-0

[Event "OLNW 2324 Braunschweig Gliesm. - SV Hell"]
[Site "?"]
[Date "2024.04.14"]
[Round "8.3"]
[White "Lehmann, Holger"]
[Black "Cebulla, Konstantin"]
[Result "0-1"]
[WhiteElo "2121"]
[BlackElo "2085"]
[PlyCount "140"]
[EventDate "2024.??.??"]

1. c4 e6 2. d4 d5 3. Nc3 c5 4. cxd5 cxd4 5. Qa4+ Bd7 6. Qxd4 exd5 7. Qxd5 Nf6 8. Qd1 Bb4 9. Nf3 O-O 10. g3 Bxc3+ 11. bxc3 Ne4 12. Bg2 Qa5 13. O-O Rd8 14. c4 Ba4 15. Qe1 Nc6 16. Be3 Qxe1 17. Rfxe1 Nb4 18. Nd4 Nd6 19. a3 Na6 20. Rac1 Rac8 21. Bd5 b6 22. Bg5 Rd7 23. Bf4 Nc5 24. g4 Nxc4 25. Nf5 Nxa3 26. e4 Rcd8 27. Re3 Nc2 28. Rc3 Nb4 29. Be3 g6 30. Nh6+ Kg7 31. g5 Nxd5 32. exd5 Rxd5 33. h4 Ne6 34. Kh2 b5 35. Bxa7 Nxg5 36. hxg5 Rxg5 37. Be3 Rh5+ 38. Kg3 Rxh6 39. Bxh6+ Kxh6 40. Rb1 Rd7 41. Rb4 Kg7 42. f4 h6 43. Re3 g5 44. Rc3 Rd6 45. Rc5 Kg6 46. Rc3 Rd5 47. fxg5 hxg5 48. Rc6+ f6 49. Rb6 Rd3+ 50. Kf2 Kf5 51. Ke2 Rd5 52. Rb1 Ke5 53. Rg1 g4 54. Kf2 f5 55. Kg3 Bc2 56. Kh4 Kd4 57. Rb8 Rc5 58. Kg5 Kc3 59. Rg2 Kb4 60. Kf4 Ka4 61. Ke3 b4 62. Kd4 Rc7 63. Rg3 b3 64. Re3 Rd7+ 65. Ke5 Ka3 66. Rc3 Kb2 67. Kf4 Re7 68. Rb5 Re2 69. Rb6 Rf2+ 70. Kg3 Rf3+ 0-1

[Event "OLNW 2324 Braunschweig Gliesm. - SV Hell"]
[Site "?"]
[Date "2024.04.14"]
[Round "8.4"]
[White "Dahmen, Christoph"]
[Black "Happe, Reinhold"]
[Result "1-0"]
[WhiteElo "2114"]
[BlackElo "2085"]
[PlyCount "97"]
[EventDate "2024.??.??"]

1. e4 e5 2. Nf3 Nc6 3. Bc4 Bc5 4. Nc3 Nf6 5. d3 d6 6. h3 h6 7. Be3 Bb6 8. O-O O-O 9. Qd2 Bxe3 10. fxe3 Be6 11. Bb3 Ne7 12. Nh4 Nd7 13. d4 Bxb3 14. axb3 g6 15. Nf3 f6 16. Qf2 Kh7 17. Qh4 a6 18. Rad1 Qe8 19. g4 g5 20. Qg3 Rd8 21. Rd2 Kg7 22. h4 Rh8 23. dxe5 fxe5 24. hxg5 Qg6 25. Nh4 Qxg5 26. Nf5+ Nxf5 27. Rxf5 Qg6 28. Rdf2 Rhf8 29. Nd5 c6 30. Ne7 Qe6 31. Qh4 Rde8 32. Rxf8 Rxf8 33. Nf5+ Kh7 34. Rh2 Rf6 35. g5 Rg6 36. Nxh6 Kg7 37. Nf5+ Kf8 38. Rf2 Ke8 39. Qh8+ Rg8 40. Qh5+ Kd8 41. Rg2 Nf8 42. Qh6 Ng6 43. Qh7 Kc8 44. Nxd6+ Qxd6 45. Qxg8+ Kc7 46. Kh2 Kb6 47. Qh7 Qe6 48. Qh5 Qf7 49. Kg3 1-0

[Event "OLNW 2324 Braunschweig Gliesm. - SV Hell"]
[Site "?"]
[Date "2024.04.14"]
[Round "8.5"]
[White "Hart, Martin"]
[Black "Nimtz, Manfred"]
[Result "1-0"]
[WhiteElo "2063"]
[BlackElo "2140"]
[PlyCount "51"]
[EventDate "2024.??.??"]

1. e4 c5 2. Nc3 Nc6 3. g3 g6 4. Bg2 e5 5. d3 Bg7 6. Nh3 d6 7. O-O Nge7 8. f4 O-O 9. f5 gxf5 10. exf5 Bxf5 11. Rxf5 Nxf5 12. Be4 Ncd4 13. Qh5 Qf6 14. Nd5 Qg6 15. Qd1 Rae8 16. c3 Nc6 17. g4 Nh4 18. Bxg6 fxg6 19. Bg5 Nf3+ 20. Kg2 e4 21. dxe4 Rxe4 22. Nf6+ Bxf6 23. Qd5+ Kg7 24. Bxf6+ Rxf6 25. Qxe4 Nfe5 26. g5 1-0

[Event "OLNW 2324 Braunschweig Gliesm. - SV Hell"]
[Site "?"]
[Date "2024.04.14"]
[Round "8.6"]
[White "Clemens, Christian"]
[Black "Stock, Joerg"]
[Result "0-1"]
[WhiteElo "2160"]
[BlackElo "2097"]
[PlyCount "100"]
[EventDate "2024.??.??"]

1. g3 d5 2. Nf3 Nf6 3. Bg2 e6 4. d4 Be7 5. O-O O-O 6. c4 dxc4 7. Qc2 a6 8. a4 Bd7 9. Ne5 Bc6 10. Nxc6 Nxc6 11. Bxc6 bxc6 12. Rd1 Qd5 13. Nd2 c5 14. Nf3 Rab8 15. dxc5 Qxc5 16. Rd4 c3 17. bxc3 Qa5 18. Bb2 Bc5 19. Rd2 Qb6 20. e3 Qb7 21. Ne5 Bd6 22. Nc4 Ne4 23. Re2 Ng5 24. e4 f5 25. Nxd6 cxd6 26. Ba3 Rfd8 27. Qa2 fxe4 28. Rb2 Qc6 29. Rxb8 Rxb8 30. h4 Nf3+ 31. Kg2 Re8 32. Kh3 d5 33. Bb4 Ne5 34. Rb1 Rb8 35. Ba5 Rb7 36. Rb4 Nd3 37. Rb1 Nxf2+ 38. Kg2 Nd3 39. Bb4 Rf7 40. Rf1 Qb7 41. Rxf7 Qxf7 42. Qe2 Qf3+ 43. Qxf3 Ne1+ 44. Kf2 Nxf3 45. Ke3 Ne5 46. Bc5 Kf7 47. Kd4 Nc4 48. Bb4 Ke8 49. Bc5 Kd7 50. Bf8 g6 0-1

[Event "OLNW 2324 Braunschweig Gliesm. - SV Hell"]
[Site "?"]
[Date "2024.04.14"]
[Round "8.7"]
[White "Bade, Hans-Juergen"]
[Black "Horn, Matthias"]
[Result "0-1"]
[WhiteElo "1976"]
[BlackElo "2138"]
[PlyCount "60"]
[EventDate "2024.??.??"]

1. e4 c5 2. Nc3 Nc6 3. f4 g6 4. Nf3 Bg7 5. Bb5 Nd4 6. O-O Nxb5 7. Nxb5 Nf6 8. d3 O-O 9. c4 d6 10. Qe1 a6 11. Nc3 b5 12. Bd2 b4 13. Nd1 a5 14. Ne3 Nh5 15. Nd1 f5 16. e5 dxe5 17. Nxe5 Bxe5 18. fxe5 Qxd3 19. Bh6 Rd8 20. Ne3 Bb7 21. Qh4 Qe4 22. Qxe7 Re8 23. Qxc5 Rxe5 24. Qb6 Re6 25. Qc5 Rc8 26. Qxa5 Rxc4 27. Qd8+ Re8 28. Qg5 Rc5 29. Rad1 Rce5 30. Rd8 Qxe3+ 0-1

[Event "OLNW 2324 Braunschweig Gliesm. - SV Hell"]
[Site "?"]
[Date "2024.04.14"]
[Round "8.8"]
[White "Cichy, Michael"]
[Black "Kovermann, Peter"]
[Result "1-0"]
[WhiteElo "1999"]
[BlackElo "1996"]
[PlyCount "69"]
[EventDate "2024.??.??"]

1. d4 f5 2. Nf3 Nf6 3. g3 g6 4. Bg2 Bg7 5. O-O O-O 6. b4 c6 7. c4 a5 8. b5 d5 9. bxc6 bxc6 10. cxd5 cxd5 11. Nc3 e6 12. Ba3 Re8 13. Nb5 Ne4 14. Rc1 Na6 15. Ne5 Bd7 16. Nxd7 Qxd7 17. Nc3 Rac8 18. Bxe4 dxe4 19. e3 Rf8 20. Bxf8 Kxf8 21. Qb3 Nb4 22. Qa3 Ra8 23. Na4 Qd6 24. Nc5 Nd5 25. Rb1 Nb4 26. Rb3 Kf7 27. Qa4 Rb8 28. Rfb1 Qc6 29. Qa3 Qd5 30. Qb2 Rd8 31. a3 Nc6 32. Rb7+ Kg8 33. Qb6 Rb8 34. Qc7 Rxb7 35. Rxb7 1-0

[Event "OLNW 2324 SK Nordhorn Blanke - Post SV U"]
[Site "?"]
[Date "2024.04.14"]
[Round "8.1"]
[White "Laubsch, Bernd"]
[Black "Kroeze, Frank"]
[Result "0-1"]
[WhiteElo "2202"]
[BlackElo "2397"]
[PlyCount "114"]
[EventDate "2024.??.??"]

1. e4 c6 2. d4 d5 3. Nc3 dxe4 4. Nxe4 Nf6 5. Nxf6+ exf6 6. c3 Bd6 7. Bd3 O-O 8. Qc2 Re8+ 9. Ne2 h5 10. Be3 h4 11. O-O-O Na6 12. b3 Nc7 13. c4 b5 14. c5 Bf8 15. Rhe1 Nd5 16. Bd2 a5 17. g3 a4 18. gxh4 axb3 19. axb3 Bg4 20. Kb2 f5 21. h3 Bxe2 22. Bxe2 Qxh4 23. Qd3 Bxc5 24. Be3 Ra2+ 25. Kxa2 Nb4+ 26. Kb1 Nxd3 27. Bxd3 Bb4 28. Rg1 Bc3 29. Bxf5 g6 30. Rg4 Qh5 31. Bd7 Ra8 32. Kc2 b4 33. Bxc6 Qf5+ 34. Re4 Ra6 35. Bb7 Ra2+ 36. Kc1 Qa5 37. Re8+ Kg7 38. Ra8 Ra1+ 39. Kc2 Qf5+ 40. Rd3 Re1 41. Ba6 Rxe3 42. fxe3 Qf2+ 43. Kc1 Qb2+ 44. Kd1 Qb1+ 45. Ke2 Qe1+ 46. Kf3 Qh1+ 47. Kf2 Qxa8 48. Bc4 Qh1 49. d5 Qh2+ 50. Kf1 Qxh3+ 51. Kf2 Qh4+ 52. Kf1 Qe1+ 53. Kg2 Qe2+ 54. Kg1 Bd2 55. d6 Bxe3+ 56. Kh1 Qf1+ 57. Kh2 Bf4+ 0-1